[Event "Titled Tuesday intern op 23rd May Early"]
[Site "Chess.com INT"]
[Date "2023.05.23"]
[Round "1"]
[White "Kochiev, Ivan"]
[Black "Valle, Luis E"]
[Result "1-0"]
[WhiteElo "2053"]
[BlackElo "2246"]
[PlyCount "49"]
[EventDate "2023.05.23"]
[EventType "swiss (blitz)"]
[EventRounds "11"]
[EventCountry "USA"]
[SourceTitle "CBM 214 Extra"]
[Source "ChessBase"]
[SourceDate "2023.07.31"]
[SourceVersion "1"]
[SourceVersionDate "2023.07.31"]
[SourceQuality "1"]

1. e4 c6 2. d4 d5 3. Nc3 dxe4 4. Nxe4 Nf6 5. Nxf6+ exf6 6. c3 Bd6 7. Bd3 0-0 8. Ne2 Re8 9. 0-0 Nd7 10. Ng3 g6 11. Bd2 b5 12. Qf3 Qc7 13. a4 Bb7 14. Rfe1 c5 15. Qg4 cxd4 16. Bxb5 Ne5 17. Qxd4 Red8 18. Rad1 Nf3+ 19. gxf3 Bxg3 20. Qxf6 Bxh2+ 21. Kg2 Bd6 22. Bh6 Bf8 23. Bxf8 Rxf8 24. Re7 Qc8 25. Rdd7 1-0

[Event "Titled Tuesday intern op 23rd May Early"]
[Site "Chess.com INT"]
[Date "2023.05.23"]
[Round "3"]
[White "Valle, Luis E"]
[Black "Shevtchenko, Olesya"]
[Result "0-1"]
[WhiteElo "2246"]
[BlackElo "2054"]
[PlyCount "96"]
[EventDate "2023.05.23"]
[EventType "swiss (blitz)"]
[EventRounds "11"]
[EventCountry "USA"]
[SourceTitle "CBM 214 Extra"]
[Source "ChessBase"]
[SourceDate "2023.07.31"]
[SourceVersion "1"]
[SourceVersionDate "2023.07.31"]
[SourceQuality "1"]

1. d4 Nf6 2. Nf3 e6 3. e3 c5 4. Bd3 b6 5. 0-0 Bb7 6. Nbd2 Be7 7. b3 0-0 8. Bb2 d6 9. c4 Nbd7 10. Qe2 Rc8 11. Rac1 Rc7 12. Bb1 Qa8 13. Qd3 Rd8 14. Rfd1 Nf8 15. dxc5 bxc5 16. e4 e5 17. Ne1 Ne6 18. f3 Nh5 19. Nf1 Nhf4 20. Qc2 Nd4 21. Bxd4 cxd4 22. Nd3 Bg5 23. Nxf4 Bxf4 24. Nd2 Be3+ 25. Kh1 g6 26. Re1 d5 27. exd5 Bxd5 28. Rcd1 Be6 29. Qe4 Qxe4 30. Nxe4 Rcc8 31. Bd3 f5 32. Nf6+ Kg7 33. Nd5 Bxd5 34. cxd5 Rxd5 35. Bc4 Rdc5 36. g3 Kf6 37. f4 e4 38. Kg2 g5 39. fxg5+ Kxg5 40. Re2 Kf6 41. Rf1 Ke5 42. h3 Rxc4 43. bxc4 Rxc4 44. h4 Rc3 45. Rb1 Rc5 46. Rb7 f4 47. Re7+ Kf5 48. Rf7+ Ke6 0-1

[Event "Titled Tuesday intern op 18th Apr Early"]
[Site "Chess.com INT"]
[Date "2023.04.18"]
[Round "1"]
[White "Valle, Luis E"]
[Black "Kosteniuk, Alexandra"]
[Result "0-1"]
[WhiteElo "2241"]
[BlackElo "2535"]
[PlyCount "43"]
[EventDate "2023.04.18"]
[EventType "swiss (blitz)"]
[EventRounds "11"]
[EventCountry "USA"]
[SourceTitle "EXT 2024"]
[Source "ChessBase"]
[SourceDate "2023.10.10"]
[SourceVersion "1"]
[SourceVersionDate "2023.10.10"]
[SourceQuality "1"]

1. d4 f5 2. g4 d5 3. gxf5 Bxf5 4. Bg2 Nf6 5. Bf4 c5 6. c3 Nc6 7. Qa4 Qb6 8. b3 cxd4 9. Nf3 dxc3 10. Nxc3 e6 11. 0-0 Bc5 12. Nh4 0-0-0 13. Rac1 g5 14. Nxf5 gxf4 15. Nh4 Rhg8 16. a3 Ng4 17. b4 Bxf2+ 18. Kh1 Bxh4 19. b5 Nf2+ 20. Rxf2 Qxf2 21. Rg1 Ne5 22. Qa5 0-1

[Event "Titled Tuesday intern op 28th Mar Early"]
[Site "Chess.com INT"]
[Date "2023.03.28"]
[Round "2"]
[White "Molina, Roberto Junio Brito"]
[Black "Valle, Luis E"]
[Result "1-0"]
[WhiteElo "2403"]
[BlackElo "2229"]
[PlyCount "36"]
[EventDate "2023.03.28"]
[EventType "swiss (blitz)"]
[EventRounds "11"]
[EventCountry "USA"]
[SourceTitle "EXT 2024"]
[Source "ChessBase"]
[SourceDate "2023.10.10"]
[SourceVersion "1"]
[SourceVersionDate "2023.10.10"]
[SourceQuality "1"]

1. d4 d5 2. c4 c6 3. Nf3 Nf6 4. Nc3 e6 5. Bg5 Be7 6. e3 0-0 7. Bd3 Nbd7 8. 0-0 b6 9. Qe2 Bb7 10. Rac1 Rc8 11. Rfd1 h6 12. Bh4 Re8 13. cxd5 cxd5 14. Ba6 Qc7 15. Bg3 Bd6 16. Bxd6 Bxa6 17. Bxc7 Bxe2 18. Nxe2 Ne4 1-0

[Event "Titled Tuesday intern op 28th Mar Early"]
[Site "Chess.com INT"]
[Date "2023.03.28"]
[Round "3"]
[White "Valle, Luis E"]
[Black "Olenik Campa, Rudi"]
[Result "0-1"]
[WhiteElo "2229"]
[BlackElo "2358"]
[PlyCount "68"]
[EventDate "2023.03.28"]
[EventType "swiss (blitz)"]
[EventRounds "11"]
[EventCountry "USA"]
[SourceTitle "EXT 2024"]
[Source "ChessBase"]
[SourceDate "2023.10.10"]
[SourceVersion "1"]
[SourceVersionDate "2023.10.10"]
[SourceQuality "1"]

1. e4 c5 2. Nf3 Nc6 3. d4 cxd4 4. Nxd4 Nf6 5. Nc3 e5 6. Ndb5 d6 7. Bg5 a6 8. Na3 b5 9. Bxf6 gxf6 10. Nd5 f5 11. c4 b4 12. Nc2 fxe4 13. Be2 Be6 14. 0-0 Rg8 15. Ncxb4 Nxb4 16. Qa4+ Bd7 17. Qxb4 Rb8 18. Qc3 Qh4 19. Rfe1 Be7 20. c5 Rc8 21. Bxa6 Rxc5 22. Qb3 Bd8 23. Bc4 Bg4 24. Rxe4 Qg5 25. Rae1 Bf5 26. Rxe5+ dxe5 27. Rxe5+ Kf8 28. g3 Qc1+ 29. Kg2 Qxc4 30. Qe3 Rxd5 31. Qh6+ Rg7 32. Re8+ Kxe8 33. Qxg7 Qe4+ 34. Kf1 Rd1# 0-1

[Event "Titled Tuesday intern op 21st Mar Early"]
[Site "Chess.com INT"]
[Date "2023.03.21"]
[Round "5"]
[White "Huerter, Helmut"]
[Black "Valle, Luis E"]
[Result "0-1"]
[WhiteElo "2264"]
[BlackElo "2229"]
[PlyCount "54"]
[EventDate "2023.03.21"]
[EventType "swiss (blitz)"]
[EventRounds "11"]
[EventCountry "USA"]
[SourceTitle "EXT 2024"]
[Source "ChessBase"]
[SourceDate "2023.10.10"]
[SourceVersion "1"]
[SourceVersionDate "2023.10.10"]
[SourceQuality "1"]

1. e4 c6 2. d4 d5 3. e5 c5 4. dxc5 e6 5. a3 Bxc5 6. Nf3 Ne7 7. b4 Bb6 8. Bb2 Ng6 9. Bd3 a5 10. 0-0 Nd7 11. Re1 Qe7 12. Qd2 0-0 13. c4 axb4 14. axb4 Rxa1 15. Bxa1 dxc4 16. Bxc4 Rd8 17. Qb2 Nh4 18. Nbd2 Nf8 19. g3 Nf5 20. Qb3 Bd7 21. Ne4 Bc6 22. h4 Qd7 23. Kh2 Bxe4 24. Rxe4 Bxf2 25. Rg4 Qc6 26. Ng5 h5 27. Rf4 Bxg3+ 0-1

[Event "Titled Tuesday intern op 21st Mar Early"]
[Site "Chess.com INT"]
[Date "2023.03.21"]
[Round "10"]
[White "Nadanian, Ashot S"]
[Black "Valle, Luis E"]
[Result "1-0"]
[WhiteElo "2279"]
[BlackElo "2229"]
[PlyCount "63"]
[EventDate "2023.03.21"]
[EventType "swiss (blitz)"]
[EventRounds "11"]
[EventCountry "USA"]
[SourceTitle "EXT 2024"]
[Source "ChessBase"]
[SourceDate "2023.10.10"]
[SourceVersion "1"]
[SourceVersionDate "2023.10.10"]
[SourceQuality "1"]

1. d4 Nf6 2. c4 e6 3. Nc3 Bb4 4. Bd2 d5 5. Nf3 0-0 6. e3 c5 7. Rc1 Nc6 8. a3 Bxc3 9. Bxc3 cxd4 10. Nxd4 Ne4 11. Nxc6 bxc6 12. Be2 Nxc3 13. Rxc3 Rb8 14. Qd2 Qf6 15. 0-0 Rd8 16. b4 e5 17. cxd5 cxd5 18. Rfc1 Be6 19. Rc7 Ra8 20. R1c6 Qg5 21. f4 Qf5 22. Bd3 e4 23. Be2 h5 24. Qd4 h4 25. b5 g6 26. a4 Kh7 27. a5 Kg8 28. Kf2 Kh7 29. h3 Kg8 30. Bg4 Qxg4 31. hxg4 Bxg4 32. Rxg6+ 1-0

[Event "Titled Tuesday intern op 21st Mar Early"]
[Site "Chess.com INT"]
[Date "2023.03.21"]
[Round "6"]
[White "Valle, Luis E"]
[Black "Reprintsev, Alexander"]
[Result "0-1"]
[WhiteElo "2229"]
[BlackElo "2279"]
[PlyCount "142"]
[EventDate "2023.03.21"]
[EventType "swiss (blitz)"]
[EventRounds "11"]
[EventCountry "USA"]
[SourceTitle "EXT 2024"]
[Source "ChessBase"]
[SourceDate "2023.10.10"]
[SourceVersion "1"]
[SourceVersionDate "2023.10.10"]
[SourceQuality "1"]

1. e4 d5 2. exd5 Qxd5 3. Nc3 Qa5 4. Bc4 Nf6 5. d3 Bg4 6. f3 Be6 7. Bd2 Bxc4 8. dxc4 Qc5 9. Qe2 Nc6 10. Be3 Nd4 11. Bxd4 Qxd4 12. Rd1 Qh4+ 13. g3 Qh5 14. f4 Qxe2+ 15. Ngxe2 c6 16. Kf2 e6 17. Kf3 Be7 18. Ne4 0-0 19. N2c3 Rfd8 20. b3 Kf8 21. Rd3 Nxe4 22. Nxe4 f5 23. Nf2 Bc5 24. Rxd8+ Rxd8 25. Nd3 Bd4 26. Re1 Ke7 27. Re2 b5 28. cxb5 cxb5 29. h3 h5 30. Nb4 Rd6 31. Nd3 a5 32. g4 g6 33. gxh5 gxh5 34. Rg2 Rc6 35. Kg3 Bf6 36. Kf3 Kf7 37. Ke3 Bc3 38. Rg5 Bf6 39. Rg2 Rc3 40. Kd2 Rc8 41. Ke3 h4 42. Kd2 Bd4 43. a3 a4 44. b4 Rd8 45. c3 Bf6 46. Kc2 Rc8 47. Nc5 Be7 48. Nd7 Bd6 49. Ne5+ Bxe5 50. fxe5 Rc4 51. Kd3 Rf4 52. Rg5 Rf3+ 53. Kd4 Rxh3 54. Rh5 Kg6 55. Rh8 Rh1 56. Kc5 f4 57. Kxb5 Kf5 58. c4 Kxe5 59. c5 f3 60. c6 f2 61. Rf8 f1Q+ 62. Rxf1 Rxf1 63. c7 Rc1 64. Kb6 h3 65. Kb7 h2 66. b5 h1Q+ 67. Kb8 Qd5 68. b6 Qc6 69. b7 Qxc7+ 70. Ka8 Rb1 71. b8Q Qxb8# 0-1

[Event "Titled Tuesday intern op 21st Mar Early"]
[Site "Chess.com INT"]
[Date "2023.03.21"]
[Round "3"]
[White "Vargas Rodriguez, Wilver"]
[Black "Valle, Luis E"]
[Result "1-0"]
[WhiteElo "2332"]
[BlackElo "2229"]
[PlyCount "69"]
[EventDate "2023.03.21"]
[EventType "swiss (blitz)"]
[EventRounds "11"]
[EventCountry "USA"]
[SourceTitle "EXT 2024"]
[Source "ChessBase"]
[SourceDate "2023.10.10"]
[SourceVersion "1"]
[SourceVersionDate "2023.10.10"]
[SourceQuality "1"]

1. e4 c6 2. Nc3 d5 3. d3 e5 4. g3 Nf6 5. Bg2 Bb4 6. Bd2 0-0 7. a3 Bxc3 8. Bxc3 d4 9. Bd2 Bg4 10. f3 Be6 11. Ne2 Nfd7 12. 0-0 f6 13. f4 c5 14. f5 Bf7 15. g4 Nc6 16. Ng3 c4 17. h4 b5 18. g5 Qb6 19. Qg4 Be8 20. Nh5 Bxh5 21. Qxh5 Nc5 22. Rf3 Qc7 23. Rg3 fxg5 24. hxg5 Rfd8 25. g6 h6 26. Bxh6 gxh6 27. f6 Ne6 28. Qxh6 Rf8 29. f7+ Rxf7 30. gxf7+ Kxf7 31. Rf1+ Ke8 32. Rg8+ Kd7 33. Rf7+ Kd6 34. Rxc7 Kxc7 35. Rxa8 1-0

[Event "Titled Tuesday intern op 7th Mar Early"]
[Site "Chess.com INT"]
[Date "2023.03.07"]
[Round "5"]
[White "Da Silva, Erick Feitosa"]
[Black "Valle, Luis E"]
[Result "0-1"]
[WhiteElo "2011"]
[BlackElo "2229"]
[PlyCount "70"]
[EventDate "2023.03.07"]
[EventType "swiss (blitz)"]
[EventRounds "11"]
[EventCountry "USA"]
[SourceTitle "EXT 2024"]
[Source "ChessBase"]
[SourceDate "2023.10.10"]
[SourceVersion "1"]
[SourceVersionDate "2023.10.10"]
[SourceQuality "1"]

1. c4 c5 2. Nc3 Nc6 3. Nf3 g6 4. e3 Bg7 5. d4 cxd4 6. exd4 Nf6 7. d5 Nb8 8. Bd3 0-0 9. 0-0 d6 10. Re1 Bg4 11. h3 Bxf3 12. Qxf3 Nbd7 13. Bg5 Ne5 14. Qe3 Nxd3 15. Qxd3 Re8 16. Re2 Rc8 17. Rae1 a6 18. Qe3 Rxc4 19. Qa7 Rc7 20. Be3 Qc8 21. Bb6 Rc4 22. Rxe7 Rxe7 23. Rxe7 Nd7 24. Be3 Bf8 25. Re4 Ne5 26. Rxc4 Nxc4 27. Bc1 Bg7 28. a4 Nxb2 29. Bxb2 Bxc3 30. Ba3 Be5 31. Qb6 Qc3 32. f4 Qe1+ 33. Kh2 Bxf4+ 34. g3 Qxg3+ 35. Kh1 Qh2# 0-1

[Event "Titled Tuesday intern op 7th Mar Early"]
[Site "Chess.com INT"]
[Date "2023.03.07"]
[Round "9"]
[White "Thiel, Thomas"]
[Black "Valle, Luis E"]
[Result "0-1"]
[WhiteElo "2238"]
[BlackElo "2229"]
[PlyCount "74"]
[EventDate "2023.03.07"]
[EventType "swiss (blitz)"]
[EventRounds "11"]
[EventCountry "USA"]
[SourceTitle "EXT 2024"]
[Source "ChessBase"]
[SourceDate "2023.10.10"]
[SourceVersion "1"]
[SourceVersionDate "2023.10.10"]
[SourceQuality "1"]

1. e4 c6 2. d4 d5 3. exd5 cxd5 4. c4 Nf6 5. Nc3 g6 6. Qb3 Bg7 7. cxd5 0-0 8. Be2 a6 9. Bf3 Nbd7 10. Nge2 Rb8 11. Bf4 Ra8 12. 0-0 Re8 13. Rac1 Nf8 14. Be5 N6d7 15. Bxg7 Kxg7 16. Ne4 Nf6 17. Nxf6 Kxf6 18. Nc3 Kg7 19. Rfe1 Rb8 20. Na4 Qd6 21. Nb6 Bf5 22. a4 Nd7 23. Nxd7 Bxd7 24. a5 b6 25. axb6 Rxb6 26. Qa3 Qf6 27. Re5 Qf4 28. Rd1 e6 29. g3 Qf6 30. d6 Reb8 31. Rd2 Qd8 32. Re3 Bb5 33. d5 Rxd6 34. Qc3+ Kg8 35. Qe5 Rc8 36. Rd1 exd5 37. Rxd5 Rxd5 0-1

[Event "Titled Tuesday intern op 7th Mar Early"]
[Site "Chess.com INT"]
[Date "2023.03.07"]
[Round "8"]
[White "Valle, Luis E"]
[Black "Torres Hernandez, Leslie Carolin"]
[Result "0-1"]
[WhiteElo "2229"]
[BlackElo "1884"]
[PlyCount "74"]
[EventDate "2023.03.07"]
[EventType "swiss (blitz)"]
[EventRounds "11"]
[EventCountry "USA"]
[SourceTitle "EXT 2024"]
[Source "ChessBase"]
[SourceDate "2023.10.10"]
[SourceVersion "1"]
[SourceVersionDate "2023.10.10"]
[SourceQuality "1"]

1. e4 e6 2. d4 d5 3. exd5 exd5 4. Nf3 Bd6 5. Bd3 Ne7 6. 0-0 0-0 7. h3 Bf5 8. Re1 Bxd3 9. Qxd3 c6 10. Bg5 f6 11. Bh4 Qc7 12. Nfd2 Ng6 13. Bg3 Nf4 14. Bxf4 Bxf4 15. Nf3 Nd7 16. c3 Rfe8 17. Na3 Nb6 18. Rad1 Na4 19. b3 Nb2 20. Qc2 Nxd1 21. Rxd1 Qd6 22. Nb1 Re7 23. c4 Rae8 24. Nc3 Qb4 25. g3 Bxg3 26. fxg3 Re3 27. Rd3 dxc4 28. bxc4 Qxc4 29. Rxe3 Rxe3 30. Qf5 Qxc3 31. Qc8+ Kf7 32. Qd7+ Re7 33. Qf5 g6 34. Qf4 Qe3+ 35. Kg2 Qxf4 36. gxf4 Re2+ 37. Kg3 Rxa2 0-1

[Event "Titled Tuesday intern op 7th Mar Early"]
[Site "Chess.com INT"]
[Date "2023.03.07"]
[Round "6"]
[White "Valle, Luis E"]
[Black "Zarnicki, Pablo Adrian"]
[Result "0-1"]
[WhiteElo "2229"]
[BlackElo "2514"]
[PlyCount "72"]
[EventDate "2023.03.07"]
[EventType "swiss (blitz)"]
[EventRounds "11"]
[EventCountry "USA"]
[SourceTitle "EXT 2024"]
[Source "ChessBase"]
[SourceDate "2023.10.10"]
[SourceVersion "1"]
[SourceVersionDate "2023.10.10"]
[SourceQuality "1"]

1. e4 c5 2. Nf3 d6 3. d4 cxd4 4. Nxd4 Nf6 5. Nc3 Nc6 6. Be2 g6 7. Be3 Bg7 8. 0-0 0-0 9. h3 Nxd4 10. Bxd4 a6 11. a3 b5 12. Qd2 Bb7 13. Bd3 e5 14. Be3 d5 15. exd5 Nxd5 16. Nxd5 Qxd5 17. f3 f5 18. Rad1 Rad8 19. Qf2 Qc6 20. Bb6 Rd7 21. c3 e4 22. Bc2 exf3 23. Rxd7 Qxd7 24. Rd1 Qe6 25. Re1 Qa2 26. Bb1 Qc4 27. gxf3 Bf6 28. Qe3 Qh4 29. Kh2 f4 30. Qe6+ Kg7 31. Rg1 Bxf3 32. Qd7+ Rf7 33. Qe6 Qh5 34. Bd4 Bxd4 35. cxd4 Qh4 36. Bxg6 Qf2+ 0-1

[Event "Titled Tuesday intern op 7th Mar Early"]
[Site "Chess.com INT"]
[Date "2023.03.07"]
[Round "3"]
[White "Vila Dupla, Aurelio"]
[Black "Valle, Luis E"]
[Result "0-1"]
[WhiteElo "2030"]
[BlackElo "2229"]
[PlyCount "66"]
[EventDate "2023.03.07"]
[EventType "swiss (blitz)"]
[EventRounds "11"]
[EventCountry "USA"]
[SourceTitle "EXT 2024"]
[Source "ChessBase"]
[SourceDate "2023.10.10"]
[SourceVersion "1"]
[SourceVersionDate "2023.10.10"]
[SourceQuality "1"]

1. Nf3 d5 2. d4 Nf6 3. c4 c6 4. cxd5 cxd5 5. Nc3 Nc6 6. Bf4 g6 7. e3 Bg7 8. Bd3 0-0 9. 0-0 a6 10. h3 Kh8 11. Ne5 Bf5 12. Nxc6 bxc6 13. Bxf5 gxf5 14. Be5 Rg8 15. Na4 Nd7 16. Bxg7+ Rxg7 17. Qf3 Qa5 18. b3 Rag8 19. g3 Qc7 20. Kg2 Nf6 21. Nc5 Nh5 22. Qxh5 Rxg3+ 23. Kh1 Rg2 24. f4 Qa5 25. Qd1 R2g3 26. Rf3 Rg2 27. Qe1 Qa3 28. Nd3 Qd6 29. Ne5 Qe6 30. Qh4 f6 31. Nd3 Qe4 32. Raf1 Qxd3 33. Qh6 Qe4 0-1

[Event "Titled Tuesday intern op 28th Feb Early"]
[Site "Chess.com INT"]
[Date "2023.02.28"]
[Round "5"]
[White "Fernandez, Gerardo"]
[Black "Valle, Luis E"]
[Result "0-1"]
[WhiteElo "2171"]
[BlackElo "2240"]
[PlyCount "102"]
[EventDate "2023.02.28"]
[EventType "swiss (blitz)"]
[EventRounds "11"]
[EventCountry "USA"]
[SourceTitle "CBM 213 Extra"]
[Source "ChessBase"]
[SourceDate "2023.05.31"]
[SourceVersion "1"]
[SourceVersionDate "2023.05.31"]
[SourceQuality "1"]

1. e4 c6 2. d4 d5 3. exd5 cxd5 4. c4 Nf6 5. Nc3 Nc6 6. Bf4 Be6 7. c5 g6 8. Nf3 Bg7 9. Bb5 0-0 10. Bxc6 bxc6 11. Ne5 Qc8 12. Qa4 Bd7 13. 0-0 Nh5 14. Be3 Bxe5 15. dxe5 Ng7 16. Bh6 Qc7 17. f4 Bf5 18. Rfd1 Rfb8 19. b4 a5 20. b5 cxb5 21. Nxd5 Qxc5+ 22. Qd4 Qxd4+ 23. Rxd4 Ra7 24. Bg5 Kf8 25. Rad1 Ne6 26. Bh6+ Ke8 27. R4d2 Bg4 28. Rc1 Rd7 29. Rd3 Bf5 30. Rdd1 Be4 31. Ne3 Rxd1+ 32. Nxd1 Bd5 33. Nc3 Bc4 34. a3 Nd4 35. Rb1 f6 36. exf6 exf6 37. f5 Nxf5 38. Re1+ Kf7 39. Bf4 Rb7 40. g4 Nd4 41. Be3 Nf3+ 42. Kf2 Nxe1 43. Kxe1 b4 44. axb4 axb4 45. Na4 b3 46. Bd4 Be6 47. Bb2 Rb4 48. Nc5 Rxg4 49. Kd2 Rg2+ 50. Kc3 Rc2+ 51. Kb4 Rxb2 0-1

[Event "Titled Tuesday intern op 28th Feb Early"]
[Site "Chess.com INT"]
[Date "2023.02.28"]
[Round "2"]
[White "Valle, Luis E"]
[Black "Averjanov, Alexey"]
[Result "0-1"]
[WhiteElo "2240"]
[BlackElo "2399"]
[PlyCount "116"]
[EventDate "2023.02.28"]
[EventType "swiss (blitz)"]
[EventRounds "11"]
[EventCountry "USA"]
[SourceTitle "CBM 213 Extra"]
[Source "ChessBase"]
[SourceDate "2023.05.31"]
[SourceVersion "1"]
[SourceVersionDate "2023.05.31"]
[SourceQuality "1"]

1. e4 c6 2. d4 d5 3. e5 Bf5 4. g4 Be4 5. f3 Bg6 6. e6 Qd6 7. exf7+ Kxf7 8. Ne2 Nd7 9. Nbc3 e5 10. Bg2 Re8 11. dxe5 Nxe5 12. 0-0 Nf6 13. Bf4 Qc5+ 14. Kh1 Bd6 15. Bg3 Rhf8 16. a3 Kg8 17. Bf2 Qa5 18. b4 Qc7 19. Bg3 Nc4 20. Bxd6 Qxd6 21. Ng3 Ne3 22. Qd2 Nxf1 23. Rxf1 Nd7 24. f4 Nb6 25. f5 Bf7 26. g5 Nc4 27. Qd4 Ne3 28. Nce4 Qe5 29. Qxe3 dxe4 30. f6 Bd5 31. Rf5 Qe6 32. h4 gxf6 33. Kh2 fxg5 34. Rxg5+ Kh8 35. Nh5 Qd6+ 36. Kh1 Re5 37. Qd4 Rfe8 38. c4 Qe7 39. cxd5 cxd5 40. Rg4 e3 41. Bf3 Rg8 42. Be2 Rxg4 43. Qxg4 Re4 44. Qc8+ Qe8 45. Qf5 Rxh4+ 46. Kg1 Qg6+ 47. Qxg6 hxg6 48. Nf6 d4 49. Nd5 Kg7 50. Kg2 b6 51. Kg3 Rh1 52. Nf4 Kf6 53. Bf3 Ra1 54. Ne2 d3 55. Nf4 d2 56. Nd5+ Ke5 57. Nxe3 Re1 58. Kf2 Ra1 0-1

[Event "Titled Tuesday intern op 28th Feb Early"]
[Site "Chess.com INT"]
[Date "2023.02.28"]
[Round "4"]
[White "Valle, Luis E"]
[Black "Kiseljova, Marya"]
[Result "0-1"]
[WhiteElo "2240"]
[BlackElo "2031"]
[PlyCount "102"]
[EventDate "2023.02.28"]
[EventType "swiss (blitz)"]
[EventRounds "11"]
[EventCountry "USA"]
[SourceTitle "CBM 213 Extra"]
[Source "ChessBase"]
[SourceDate "2023.05.31"]
[SourceVersion "1"]
[SourceVersionDate "2023.05.31"]
[SourceQuality "1"]

1. e4 c5 2. Nf3 Nc6 3. Bb5 e5 4. c3 a6 5. Bxc6 dxc6 6. 0-0 Bd6 7. d3 Ne7 8. Nbd2 b6 9. Nc4 Bc7 10. Ncxe5 0-0 11. h3 f6 12. Nc4 b5 13. Ne3 Ng6 14. Nc2 Re8 15. Re1 Qd6 16. Be3 c4 17. dxc4 Rxe4 18. Qxd6 Bxd6 19. c5 Bc7 20. Bd4 Bf5 21. Ne3 Bd7 22. a4 Nf4 23. Red1 Rae8 24. axb5 axb5 25. Ra7 Ne6 26. Bxf6 gxf6 27. Rxd7 Bf4 28. Ra1 Bxe3 29. fxe3 Rxe3 30. Kf2 Re4 31. Re1 Rxe1 32. Nxe1 Nxc5 33. Rd6 Ne4+ 34. Kg1 Nxd6 35. Nd3 Nc4 36. b3 Nd2 37. b4 Ne4 38. Nf4 Nxc3 39. Kf2 Kf7 40. Nd3 Nd5 41. Nc5 Nxb4 42. Nb7 Nd3+ 43. Kf3 Re7 44. Nd6+ Ke6 45. Ne4 f5 46. Nc3 Ne5+ 47. Kf4 Nf7 48. Ne2 b4 49. Nd4+ Kd7 50. Nb3 Nd6 51. Nc5+ Kc7 0-1

[Event "Titled Tuesday intern op 14th Feb Early"]
[Site "Chess.com INT"]
[Date "2023.02.14"]
[Round "2"]
[White "Kohler, Aran"]
[Black "Valle, Luis E"]
[Result "1-0"]
[WhiteElo "2010"]
[BlackElo "2240"]
[PlyCount "101"]
[EventDate "2023.02.14"]
[EventType "swiss (blitz)"]
[EventRounds "11"]
[EventCountry "USA"]
[SourceTitle "CBM 212 Extra"]
[Source "ChessBase"]
[SourceDate "2023.03.31"]
[SourceVersion "1"]
[SourceVersionDate "2023.03.31"]
[SourceQuality "1"]

1. Nf3 Nf6 2. d4 d5 3. Bg5 c6 4. Nbd2 g6 5. e3 Bg7 6. Bd3 Bg4 7. c3 Nbd7 8. h3 Bxf3 9. Nxf3 h6 10. Bf4 Rc8 11. b4 a6 12. a4 0-0 13. 0-0 Re8 14. Qc2 Nh5 15. Bh2 e5 16. dxe5 Nxe5 17. Nxe5 Bxe5 18. Bxe5 Rxe5 19. Rae1 Qe7 20. Be2 Nf6 21. b5 axb5 22. axb5 Kg7 23. bxc6 bxc6 24. Bf3 c5 25. Rd1 Rc7 26. c4 dxc4 27. Qxc4 Ra7 28. Rd3 Rc7 29. Rfd1 Nh7 30. Rd5 Nf6 31. Rd8 h5 32. Ra8 Qe6 33. Qxe6 Rxe6 34. Rc1 Ne4 35. Ra4 Nd6 36. Bd5 Re5 37. e4 Kf6 38. Ra6 Ke7 39. f4 Rxd5 40. exd5 c4 41. Rc6 Rxc6 42. dxc6 Kd8 43. g4 Kc7 44. f5 hxg4 45. fxg6 fxg6 46. hxg4 Kxc6 47. Kf2 Kd5 48. Ke3 Nb5 49. Rf1 Nd4 50. Rd1 Kc5 51. Rxd4 1-0

[Event "Titled Tuesday intern op 31st Jan Early"]
[Site "Chess.com INT"]
[Date "2023.01.31"]
[Round "3"]
[White "Valle, Luis E"]
[Black "Cunha, Lucas Aguiar"]
[Result "0-1"]
[WhiteElo "2268"]
[BlackElo "2309"]
[PlyCount "122"]
[EventDate "2023.01.31"]
[EventType "swiss (blitz)"]
[EventRounds "11"]
[EventCountry "USA"]
[SourceTitle "CBM 212 Extra"]
[Source "ChessBase"]
[SourceDate "2023.03.31"]
[SourceVersion "1"]
[SourceVersionDate "2023.03.31"]
[SourceQuality "1"]

1. e4 c5 2. Nf3 e6 3. d4 cxd4 4. Nxd4 Nc6 5. Nc3 Qc7 6. a3 a6 7. Be3 Nf6 8. f4 Nxd4 9. Qxd4 b5 10. Be2 Bb7 11. Bf3 Rc8 12. 0-0-0 Bc5 13. Qxc5 Qxc5 14. Bxc5 Rxc5 15. e5 Bxf3 16. gxf3 Nh5 17. Ne4 Rc7 18. Rd6 Nxf4 19. Rxa6 Ke7 20. c3 Nd3+ 21. Kc2 Nxe5 22. f4 Nc4 23. Re1 f5 24. Ng3 Kf6 25. Rg1 g6 26. Re1 Rb8 27. Re2 Nb6 28. Kd3 Nd5 29. Rf2 Rc4 30. Ne2 Re4 31. Rd6 Rb7 32. h4 Ra7 33. Rf3 Ke7 34. Rxd5 exd5 35. Nd4 Rb7 36. h5 Kf6 37. hxg6 hxg6 38. Ne2 Rb8 39. Rh3 Rbe8 40. Nd4 Rxf4 41. Nxb5 Rf2 42. b4 Re1 43. Nd4 Ra2 44. Nc2 Rd1+ 45. Ke2 Rc1 46. Kd3 Rcxc2 47. a4 Rd2+ 48. Ke3 Re2+ 49. Kd4 Rxa4 50. Kxd5 Rd2+ 51. Kc5 Ra3 52. b5 Rc2 53. Kb4 Ra1 54. Rd3 Rb1+ 55. Kc5 Ke7 56. c4 Rbc1 57. Re3+ Kd8 58. b6 Rxc4+ 59. Kb5 Rc6 60. Rb3 Kc8 61. Ka6 Kb8 0-1

[Event "Titled Tuesday intern op 31st Jan Early"]
[Site "Chess.com INT"]
[Date "2023.01.31"]
[Round "1"]
[White "Valle, Luis E"]
[Black "Koelle, Tobias"]
[Result "1-0"]
[WhiteElo "2268"]
[BlackElo "2439"]
[PlyCount "53"]
[EventDate "2023.01.31"]
[EventType "swiss (blitz)"]
[EventRounds "11"]
[EventCountry "USA"]
[SourceTitle "CBM 212 Extra"]
[Source "ChessBase"]
[SourceDate "2023.03.31"]
[SourceVersion "1"]
[SourceVersionDate "2023.03.31"]
[SourceQuality "1"]

1. e4 a6 2. d4 e6 3. f4 d5 4. e5 c6 5. Nf3 c5 6. c3 Nc6 7. Bd3 h5 8. Bc2 b5 9. Be3 Qb6 10. dxc5 Bxc5 11. Bxc5 Qxc5 12. Nd4 Nh6 13. Nxc6 Qxc6 14. Qxh5 b4 15. Qf3 bxc3 16. Nxc3 Qb6 17. Ba4+ Kf8 18. h3 Nf5 19. Qf2 d4 20. Bb3 Qa5 21. g4 dxc3 22. 0-0-0 cxb2+ 23. Kxb2 Ne7 24. Qc5 Bb7 25. Qxa5 Bxh1 26. Rd8+ Rxd8 27. Qxd8# 1-0

[Event "Titled Tuesday intern op 31st Jan Early"]
[Site "Chess.com INT"]
[Date "2023.01.31"]
[Round "7"]
[White "Valle, Luis E"]
[Black "Real Pereyra, Jeronimo"]
[Result "1-0"]
[WhiteElo "2268"]
[BlackElo "2156"]
[PlyCount "59"]
[EventDate "2023.01.31"]
[EventType "swiss (blitz)"]
[EventRounds "11"]
[EventCountry "USA"]
[SourceTitle "CBM 212 Extra"]
[Source "ChessBase"]
[SourceDate "2023.03.31"]
[SourceVersion "1"]
[SourceVersionDate "2023.03.31"]
[SourceQuality "1"]

1. e4 c5 2. Nf3 d6 3. d4 cxd4 4. Nxd4 Nf6 5. Nc3 Nc6 6. Be2 e5 7. Ndb5 a6 8. Na3 b5 9. Nd5 Nxd5 10. exd5 Ne7 11. 0-0 g6 12. c4 b4 13. Nc2 Rb8 14. f4 exf4 15. Bxf4 Bg7 16. Nd4 0-0 17. Kh1 Rb7 18. Nc6 Qe8 19. Bxd6 Nxc6 20. dxc6 Qxc6 21. Bxf8 Bxf8 22. Bf3 Qxc4 23. Bxb7 Bxb7 24. Qd7 Bd5 25. Rae1 Be6 26. Qd2 Qxa2 27. Rf6 a5 28. h3 a4 29. Rexe6 fxe6 30. Qd8 1-0